000 nam a22 7a 4500
999 _c8207
_d8207
008 171212b xxu||||| |||| 00| 0 eng d
100 _aSampat.C.K.
_94637
245 _aVikas stories for children
260 _aNew Delhi
_bI.L.
_c2009